Nařízení vlády České republiky č. 252 ze dne 22. dubna 1992 o podmínkach pro poskytování a výši zvláštního příplatku za vykonávání činností ve ztížených a zdraví škodlivých pracovních podmínkach.

Charakteristika sťažených a zdraviu škodlivých pracovných podmienok, súvisiacich s rizikom škodlivého pôsobenia. Členenie rizikových činností na dve skupiny. Stanovenie príplatku ako právomoc zamestnávateľa.

Salvato in:
Dettagli Bibliografici
Natura: Capitolo di libro
Lingua:ceco
Soggetti:
Tags: Aggiungi Tag
Nessun Tag, puoi essere il primo ad aggiungerne!!

MARC

LEADER 00000naa a2200000 4500
001 r010247
005 20220831085025.0
041 0 |a cze 
044 |a [CS] 
245 1 0 |a Nařízení vlády České republiky č. 252 ze dne 22. dubna 1992 o podmínkach pro poskytování a výši zvláštního příplatku za vykonávání činností ve ztížených a zdraví škodlivých pracovních podmínkach. 
520 |a Charakteristika sťažených a zdraviu škodlivých pracovných podmienok, súvisiacich s rizikom škodlivého pôsobenia. Členenie rizikových činností na dve skupiny. Stanovenie príplatku ako právomoc zamestnávateľa. 
610 2 0 |a príplatky 
610 2 0 |a podmienky pracovné sťažené 
610 2 0 |a predpisy právne 
610 2 0 |a Čechy 
610 2 0 |a 1992 
610 2 0 |a riziko 
610 2 0 |a platy